[Event "Udaipur ASI ch"]
[Site "IND"]
[Date "2000.01.15"]
[EventDate "2000.01.10"]
[Round "6"]
[Result "1-0"]
[White "Zhong Zhang"]
[Black "Xu Jun"]
[WhiteElo "2611"]
[BlackElo "2578"]
[PlyCount "59"]

1. e4 c5 2. Nf3 e6 3. d3 Nc6 4. g3 d5 5. Qe2 Nge7 6. Bg2 g6
7. O-O Bg7 8. c3 h6 9. h4 b6 10. Re1 Ba6 11. e5 Qc7 12. a4 g5
13. hxg5 hxg5 14. Bxg5 Ng6 15. Na3 Ncxe5 16. Nb5 Bxb5 17. axb5
f6 18. Nxe5 fxe5 19. c4 Qf7 20. cxd5 exd5 21. Qf3 Qxf3
22. Bxf3 e4 23. dxe4 O-O 24. Bg2 Bxb2 25. Ra2 Bc3 26. Rc1 d4
27. f4 Ba5 28. e5 Rac8 29. Bd5+ Kg7 30. Rh2 1-0

[Event "Udaipur ASI ch"]
[Site "IND"]
[Date "2000.01.19"]
[EventDate "2000.01.10"]
[Round "9"]
[Result "0-1"]
[White "Wu Wenjin"]
[Black "Xu Jun"]
[WhiteElo "2522"]
[BlackElo "2578"]
[PlyCount "55"]

1. d4 Nf6 2. c4 e6 3. Nc3 Bb4 4. e3 c5 5. Bd3 d5 6. Nge2 O-O
7. O-O dxc4 8. Bxc4 Nc6 9. Bd3 cxd4 10. exd4 Be7 11. a3 b6
12. Be3 Bb7 13. Rc1 Re8 14. Ng3 g6 15. Bb1 Na5 16. Re1 Nc4
17. Qe2 Nxe3 18. fxe3 Bd6 19. Ba2 Bxg3 20. hxg3 Nh5 21. Qg4
Qd6 22. Kh2 a6 23. Rcd1 b5 24. Rf1 f5 25. Qh4 Nf6 26. Qf4 Red8
27. Kg1 Kg7 28. Rc1 0-1

[Event "WCC2000"]
[Site "Shenyang"]
[Date "2000.09.01"]
[EventDate "2000.??.??"]
[Round "1"]
[Result "1/2-1/2"]
[White "Xu Jun"]
[Black "Ruslan Ponomariov"]
[WhiteElo "2668"]
[BlackElo "2630"]
[PlyCount "58"]

1. c4 Nf6 2. Nf3 g6 3. Nc3 Bg7 4. e4 d6 5. d4 O-O 6. Be2 e5
7. O-O Nc6 8. d5 Ne7 9. b4 Nh5 10. Re1 f5 11. Ng5 Nf6 12. Bf3
c6 13. Be3 cxd5 14. cxd5 h6 15. Ne6 Bxe6 16. dxe6 fxe4
17. Nxe4 Nxe4 18. Bxe4 d5 19. Bc2 b6 20. Qg4 e4 21. Rad1 Qc7
22. Bb3 Rf5 23. Re2 h5 24. Qh4 Bf6 25. Qg3 Be5 26. Qh4 Bf6
27. Qg3 Be5 28. Qh4 Bf6 29. Qxh5 gxh5 1/2-1/2

[Event "34th Olympiad"]
[Site "Istanbul TUR"]
[Date "2000.10.29"]
[EventDate "2000.10.28"]
[Round "2"]
[Result "1/2-1/2"]
[White "Murtas Kazhgaleyev"]
[Black "Xu Jun"]
[WhiteElo "2526"]
[BlackElo "2668"]
[PlyCount "105"]

1. d4 Nf6 2. c4 e6 3. Nf3 c5 4. d5 exd5 5. cxd5 d6 6. Nc3 g6
7. e4 a6 8. a4 Bg4 9. Qb3 Bxf3 10. gxf3 Qc7 11. Bg5 Nbd7
12. e5 dxe5 13. d6 Bxd6 14. O-O-O e4 15. Kb1 h6 16. Be3 Ne5
17. Nd5 Nxd5 18. Qxd5 O-O-O 19. Qxe4 Kb8 20. Be2 f5 21. Qc2
Nc6 22. Bxc5 Bxc5 23. Qxc5 Nd4 24. Qxc7+ Kxc7 25. Rc1+ Kb6
26. Bd1 Rde8 27. Rc3 Ne6 28. Bb3 Nf4 29. Re3 Ng2 30. Rxe8 Rxe8
31. Bf7 Re2 32. Rd1 Nh4 33. Rd6+ Kc7 34. Rf6 Rxf2 35. Bxg6
Rxf3 36. Bf7 Rf4 37. a5 Nf3 38. Rxh6 Nd2+ 39. Kc2 Nc4 40. h4
Nxa5 41. Bd5 Nc6 42. Bxc6 bxc6 43. Rf6 Rxh4 44. Rxf5 Rh3
45. b4 Kb6 46. Rg5 Rh8 47. Kd3 Rd8+ 48. Kc4 Rd5 49. Rg8 a5
50. bxa5+ Rxa5 51. Rb8+ Kc7 52. Rb1 Rh5 53. Rg1 1/2-1/2

[Event "34th Olympiad"]
[Site "Istanbul TUR"]
[Date "2000.10.31"]
[EventDate "2000.10.28"]
[Round "4"]
[Result "1/2-1/2"]
[White "Tomasz Markowski"]
[Black "Xu Jun"]
[WhiteElo "2568"]
[BlackElo "2668"]
[PlyCount "135"]

1. Nf3 Nf6 2. c4 c5 3. Nc3 Nc6 4. g3 d5 5. cxd5 Nxd5 6. Bg2 g6
7. O-O Bg7 8. Ng5 Nb6 9. Nge4 c4 10. b3 O-O 11. Ba3 Bf5
12. Rc1 Qc8 13. bxc4 Nxc4 14. Nd5 Nxa3 15. Rxc6 Qd8 16. Rc7
Kh8 17. Nc5 e6 18. Rd7 Qa5 19. Nc7 Rac8 20. Nxb7 Qb6 21. Qa4
Bb2 22. d3 g5 23. Qa6 Qxa6 24. Nxa6 Nb5 25. a4 e5 26. Re7 Ba3
27. Rxe5 Nd4 28. Kh1 Bxd3 29. exd3 Rc6 30. Nac5 Rfc8 31. Rd5
Nc2 32. d4 Nxd4 33. Rxd4 Bxc5 34. Nxc5 Rxc5 35. Kg1 g4 36. f4
gxf3 37. Bxf3 Ra5 38. Kg2 Rc3 39. h4 h5 40. Re1 Ra3 41. Bd1
Rc5 42. Rf1 Re3 43. Rff4 Kg7 44. Kf2 Ra3 45. Rf3 Ra2+ 46. Ke3
Rc6 47. Bb3 Ra1 48. Kd2 Rb1 49. Bd5 Rcb6 50. Rc4 R1b2+ 51. Kd3
R2b3+ 52. Rc3 R3b4 53. Rc4 Rb3+ 54. Ke2 Rb2+ 55. Ke3 R2b3+
56. Kf2 Rb2+ 57. Kg1 Ra2 58. Rd4 Rc2 59. Rf2 Rc3 60. Kg2 a5
61. g4 Rc7 62. Kf3 Rc5 63. Kf4 Rc1 64. Rf3 Ra1 65. Bb3 Rb1
66. Bd1 R6b4 67. Rxb4 Rxb4+ 68. Ke3 1/2-1/2

[Event "34th Olympiad"]
[Site "Istanbul TUR"]
[Date "2000.11.04"]
[EventDate "2000.10.28"]
[Round "7"]
[Result "1/2-1/2"]
[White "Xu Jun"]
[Black "B Villamayor"]
[WhiteElo "2668"]
[BlackElo "2495"]
[PlyCount "68"]

1. d4 d5 2. c4 c6 3. Nc3 Nf6 4. Nf3 e6 5. Bg5 h6 6. Bh4 Be7
7. e3 Nbd7 8. Qc2 a6 9. Bd3 dxc4 10. Bxc4 b5 11. Be2 c5
12. dxc5 Nxc5 13. O-O Bb7 14. Rfd1 Qb6 15. a4 b4 16. a5 Qc6
17. Nb1 Qe4 18. Qxe4 Nfxe4 19. Bxe7 Kxe7 20. Nd4 Rac8 21. f3
Nd6 22. Nd2 e5 23. Nc2 Nb3 24. Nxb3 Rxc2 25. Rd2 Rxd2 26. Nxd2
Rc8 27. Bd3 f5 28. Ra4 e4 29. fxe4 fxe4 30. Bb1 Rc1+ 31. Kf2
Rd1 32. Ke2 Rg1 33. Kf2 Rd1 34. Ke2 Rg1 1/2-1/2

[Event "34th Olympiad"]
[Site "Istanbul TUR"]
[Date "2000.11.09"]
[EventDate "2000.10.28"]
[Round "12"]
[Result "0-1"]
[White "Evgeny Agrest"]
[Black "Xu Jun"]
[WhiteElo "2554"]
[BlackElo "2668"]
[PlyCount "116"]

1. c4 e5 2. Nc3 Nf6 3. Nf3 Nc6 4. e3 Bb4 5. Qc2 Bxc3 6. Qxc3
Qe7 7. Be2 d5 8. d3 O-O 9. cxd5 Nxd5 10. Qc2 Ndb4 11. Qc3 Bg4
12. a3 Nxd3+ 13. Bxd3 e4 14. Be2 exf3 15. gxf3 Bh5 16. Rg1 f6
17. b4 Ne5 18. Rg3 Rad8 19. Bb2 Bg6 20. Rc1 c6 21. e4 Kh8
22. f4 Nd7 23. f3 Nb6 24. Ba1 Rfe8 25. Qc5 Qc7 26. f5 Bf7
27. Qc3 Nd7 28. Kf2 Qf4 29. Kg2 Ne5 30. Rc2 Nd7 31. Bb2 Qd6
32. Rd2 Qe7 33. Qe3 Nb6 34. Rc2 Qd6 35. Qf2 Bb3 36. Rc3 Bf7
37. Bc1 Qe5 38. Rc5 Qe7 39. Bf4 Nd5 40. Bc1 Nb6 41. Rh3 Bg8
42. Rc2 Qf7 43. Bf1 Re7 44. Be3 Qb3 45. Bc5 Red7 46. f4 Qb1
47. Re3 Rd1 48. Rb2 Qa1 49. Rc2 Nc4 50. Ree2 b6 51. Be3 Qb1
52. Rc3 Qxe4+ 53. Kg3 Qxf5 54. h3 Nd6 55. Bg2 Bd5 56. Kh2 Ne4
57. Bxe4 Qxe4 58. f5 Qe5+ 0-1

[Event "34th Olympiad"]
[Site "Istanbul TUR"]
[Date "2000.11.10"]
[EventDate "2000.10.28"]
[Round "13"]
[Result "0-1"]
[White "Artashes Minasian"]
[Black "Xu Jun"]
[WhiteElo "2595"]
[BlackElo "2668"]
[PlyCount "100"]

1. e4 c5 2. Nc3 a6 3. g3 b5 4. Bg2 Bb7 5. d3 e6 6. Nh3 d6
7. O-O Nd7 8. f4 Be7 9. f5 exf5 10. Rxf5 Ne5 11. Nd5 Bxd5
12. exd5 Nf6 13. Bg5 O-O 14. Qd2 Nfd7 15. Raf1 Bxg5 16. Nxg5
Qe7 17. Ne4 Rae8 18. h3 Kh8 19. g4 Nb6 20. Ng3 Ned7 21. Be4 g6
22. R5f3 Qe5 23. Qh6 Qg7 24. Qf4 f5 25. gxf5 gxf5 26. Bxf5 Ne5
27. R3f2 Rxf5 28. Qxf5 Qxg3+ 29. Rg2 Qe3+ 30. Kh2 Qh6 31. Qe4
Nbd7 32. d4 cxd4 33. Qxd4 Nf6 34. Qf4 Qxf4+ 35. Rxf4 Nxd5
36. Rff2 Ne3 37. Rg3 Nd1 38. Rd2 Nxb2 39. Rxd6 Ra8 40. Re6
Nbc4 41. h4 Ng6 42. Rg4 Rf8 43. Rxa6 Nge5 44. Rg3 Nd2 45. Kh3
Nf1 46. Rc3 b4 47. Rc5 Rg8 48. Ra8 Rxa8 49. Rxe5 Rxa2 50. Re4
Ra3+ 0-1

[Event "7th Tan Chin Nam Cup"]
[Site "Shanghai CHN"]
[Date "2001.07.13"]
[EventDate "2001.07.09"]
[Round "5"]
[Result "1-0"]
[White "Xu Jun"]
[Black "Vladislav Tkachiev"]
[WhiteElo "2655"]
[BlackElo "2642"]
[PlyCount "163"]

1. d4 d6 2. Nf3 g6 3. c4 Bg7 4. Nc3 Bg4 5. e4 Nc6 6. d5 Nd4
7. Be3 c5 8. dxc6 Bxf3 9. gxf3 Nxc6 10. Qb3 Nd4 11. Qa4+ Nc6
12. Rd1 Bxc3+ 13. bxc3 Qc7 14. Bf4 Qa5 15. Qxa5 Nxa5 16. c5
dxc5 17. Bb5+ Nc6 18. Rd5 Rc8 19. Rxc5 Nf6 20. Bxc6+ Rxc6
21. Rxc6 bxc6 22. Ke2 Nh5 23. Be3 Kd7 24. Rb1 Kc7 25. Bxa7 Ra8
26. Bb6+ Kd6 27. Rd1+ Ke6 28. Ra1 Ra4 29. Kd2 Nf6 30. Kc2 Nd7
31. Be3 c5 32. Kb3 Ra5 33. Rd1 c4+ 34. Kxc4 Rxa2 35. Kb3 Ra8
36. c4 Ne5 37. f4 Nc6 38. Rd5 f5 39. exf5+ gxf5 40. Rd1 Rb8+
41. Kc3 Rg8 42. Rb1 Rg2 43. Rb6 Kd7 44. Rb5 Rxh2 45. Rxf5 Rh1
46. Kd3 Ke8 47. Ke4 Kd7 48. Rf8 Na5 49. c5 Nc6 50. f5 Rh4+
51. f4 Rh6 52. Bf2 Rh2 53. Kf3 Rh3+ 54. Kg4 Rh2 55. Be3 Rh6
56. Bf2 Rh2 57. Kf3 Rh3+ 58. Ke4 Rh2 59. Be3 Rh6 60. Bd2 Rh2
61. Bc3 Rc2 62. Kd3 Rf2 63. Bd2 Rf3+ 64. Ke4 Ra3 65. f6 Ra4+
66. Kf3 Nd4+ 67. Kg4 Ne6 68. c6+ Kd6 69. c7 Nxc7 70. f7 Ne6
71. Rd8+ Kc7 72. Re8 Kd7 73. Kg3 Ra3+ 74. Kf2 Ra2 75. f5 Rxd2+
76. Ke3 Rd6 77. fxe6+ Rxe6+ 78. Kd4 Rd6+ 79. Kc5 Rc6+ 80. Kb5
Rf6 81. f8=Q Rxf8 82. Rxf8 1-0

[Event "7th Tan Chin Nam Cup"]
[Site "Shanghai CHN"]
[Date "2001.07.14"]
[EventDate "2001.07.09"]
[Round "6"]
[Result "1/2-1/2"]
[White "Ivan Sokolov"]
[Black "Xu Jun"]
[WhiteElo "2659"]
[BlackElo "2655"]
[PlyCount "67"]

1. d4 Nf6 2. c4 e6 3. Nc3 Bb4 4. Qc2 d5 5. cxd5 Qxd5 6. Nf3 c5
7. Bd2 Bxc3 8. Bxc3 cxd4 9. Nxd4 Bd7 10. f3 Nc6 11. Nb3 Qg5
12. e4 O-O 13. Rd1 Rfd8 14. Qd2 Qxd2+ 15. Rxd2 Be8 16. Rxd8
Rxd8 17. Be2 b6 18. Kf2 a5 19. a3 a4 20. Nc1 Nd7 21. Rd1 Nc5
22. Rxd8 Nxd8 23. Be5 Ncb7 24. Bc7 b5 25. Ke3 f6 26. Na2 e5
27. Bb6 Ne6 28. Nc3 Nd6 29. Nd5 Kf7 30. g3 g6 31. Bd3 Bc6
32. Nb4 Bb7 33. Ba7 Nc4+ 34. Bxc4 1/2-1/2

[Event "zt3.3"]
[Site "HeiBei CHN"]
[Date "2001.04.17"]
[EventDate "2001.04.16"]
[Round "2"]
[Result "1/2-1/2"]
[White "Xu Jun"]
[Black "Yu Shaoteng"]
[WhiteElo "2655"]
[BlackElo "2502"]
[PlyCount "87"]

1. d4 e6 2. c4 b6 3. a3 f5 4. Nc3 Nf6 5. g3 Bb7 6. d5 g6
7. Bg2 Bg7 8. Nh3 Na6 9. O-O Nc5 10. Be3 O-O 11. Bd4 Nce4
12. Nxe4 Nxe4 13. Bxg7 Kxg7 14. Nf4 e5 15. Nd3 Qf6 16. Qc2 d6
17. b4 a5 18. e3 Qf7 19. f4 Nf6 20. fxe5 dxe5 21. Nxe5 Qe7
22. Qc3 Rfe8 23. Nf3 Qxe3+ 24. Qxe3 Rxe3 25. Nd4 Kf7 26. Ne6
Rc8 27. Rfe1 Rxe1+ 28. Rxe1 axb4 29. axb4 b5 30. Ng5+ Kg8
31. Re6 Rf8 32. cxb5 h6 33. Nh3 Kf7 34. Nf4 g5 35. Nd3 Bxd5
36. Bxd5 Nxd5 37. Rxh6 Nf6 38. Ne5+ Ke6 39. Nc6 g4 40. Rg6 Ra8
41. Rg7 Nd5 42. Rg6+ Nf6 43. Rg7 Nd5 44. Rg6+ 1/2-1/2

[Event "zt3.3"]
[Site "HeiBei CHN"]
[Date "2001.04.18"]
[EventDate "2001.04.16"]
[Round "3"]
[Result "1/2-1/2"]
[White "Liang Jinrong"]
[Black "Xu Jun"]
[WhiteElo "2490"]
[BlackElo "2655"]
[PlyCount "113"]

1. e4 c5 2. Nf3 d6 3. c3 Nf6 4. Bb5+ Nbd7 5. d3 a6 6. Ba4 e5
7. O-O Be7 8. Re1 O-O 9. Nbd2 b5 10. Bc2 Bb7 11. Nf1 Re8
12. Ng3 Bf8 13. d4 cxd4 14. cxd4 exd4 15. Nxd4 d5 16. exd5
Rxe1+ 17. Qxe1 Nxd5 18. Bd2 Qf6 19. Qe4 g6 20. Qg4 Ne5 21. Qg5
Qxg5 22. Bxg5 h6 23. Bc1 Rc8 24. a3 Bg7 25. Nge2 Nb6 26. Rb1
Nc6 27. Be3 Nxd4 28. Nxd4 Nc4 29. Bd3 Nxe3 30. fxe3 Rd8
31. Rc1 Bxd4 32. exd4 Rxd4 33. Bf1 Rd6 34. Rc7 Bd5 35. Be2 Kg7
36. Ra7 Kf6 37. a4 bxa4 38. Rxa6 Rxa6 39. Bxa6 Ke5 40. Bb5 Bb3
41. Kf2 Kd4 42. h4 Kc5 43. Be8 Kb4 44. Ke3 Be6 45. g3 Kb3
46. Kd2 g5 47. hxg5 hxg5 48. Kc1 f5 49. Bc6 Bc4 50. Bf3 Ka2
51. Bc6 Bb3 52. Bd7 f4 53. gxf4 gxf4 54. Bc6 Ka1 55. Bf3 Bc4
56. Bc6 Bb3 57. Bf3 1/2-1/2

[Event "zt3.3"]
[Site "HeiBei CHN"]
[Date "2001.04.20"]
[EventDate "2001.04.16"]
[Round "5"]
[Result "1-0"]
[White "Xu Jun"]
[Black "Zili Wang"]
[WhiteElo "2655"]
[BlackElo "2580"]
[PlyCount "85"]

1. d4 Nf6 2. Nf3 c5 3. d5 g6 4. c4 b5 5. cxb5 a6 6. b6 Qxb6
7. Nc3 d6 8. a4 Nbd7 9. a5 Qd8 10. e4 Bg7 11. h3 O-O 12. Bc4
Ne8 13. O-O Nc7 14. Qd3 Rb8 15. Ra2 Rb4 16. b3 Qe8 17. Re1 Rb8
18. Bf4 f6 19. Bg3 Bh6 20. Nh2 Ne5 21. Bxe5 fxe5 22. Na4 Bd7
23. Nb6 Bb5 24. Ng4 Bg5 25. Nxe5 dxe5 26. d6+ Ne6 27. Bxe6+
Kh8 28. Bc4 exd6 29. Qxd6 Bxc4 30. bxc4 Rf6 31. Qxc5 Rc6
32. Qa3 Be7 33. Qc3 Bc5 34. Rd1 Bd4 35. Rxd4 exd4 36. Qxd4+
Kg8 37. Rd2 Qe6 38. e5 Re8 39. f4 g5 40. Nd5 Kg7 41. Nf6 Re7
42. Qe4 Kh6 43. Ng8+ 1-0

[Event "zt3.3"]
[Site "HeiBei CHN"]
[Date "2001.04.21"]
[EventDate "2001.04.16"]
[Round "6"]
[Result "0-1"]
[White "Zhou Weiqi"]
[Black "Xu Jun"]
[WhiteElo "2310"]
[BlackElo "2655"]
[PlyCount "42"]

1. e4 c5 2. Nf3 d6 3. d4 cxd4 4. Nxd4 Nf6 5. Nc3 Nc6 6. Be2 g6
7. O-O Bg7 8. Nb3 O-O 9. Bg5 Be6 10. Qd2 Rc8 11. Rad1 Ne5
12. Bh6 Bxh6 13. Qxh6 Bc4 14. Rfe1 b5 15. Bxc4 Nxc4 16. Nd5 e6
17. Ne3 Nxe4 18. Rd4 f5 19. f3 Ng5 20. Rh4 Ne5 21. Rb4 f4 0-1

[Event "zt3.3"]
[Site "HeiBei CHN"]
[Date "2001.04.22"]
[EventDate "2001.04.16"]
[Round "7"]
[Result "1/2-1/2"]
[White "Xu Jun"]
[Black "Chong Liang"]
[WhiteElo "2655"]
[BlackElo "2560"]
[PlyCount "66"]

1. d4 Nf6 2. c4 e6 3. Nf3 b6 4. g3 Ba6 5. b3 Bb4+ 6. Bd2 Be7
7. Bg2 c6 8. O-O O-O 9. Qc2 d5 10. Rd1 Nbd7 11. Bf4 Rc8
12. Nc3 b5 13. c5 b4 14. Nb1 Bb5 15. a3 a5 16. Ne1 Nh5 17. Nd3
Nxf4 18. gxf4 Qc7 19. e3 Ra8 20. Nd2 Qb7 21. Ra2 Ra7 22. Rda1
Rfa8 23. Bf1 g6 24. Nb2 Bxf1 25. Nxf1 bxa3 26. Rxa3 Bd8
27. Nd3 Nb8 28. b4 axb4 29. Rxa7 Rxa7 30. Rxa7 Qxa7 31. Nxb4
Qa5 32. Nd3 Qb5 33. Nd2 f6 1/2-1/2

[Event "zt3.3"]
[Site "HeiBei CHN"]
[Date "2001.04.24"]
[EventDate "2001.04.16"]
[Round "8"]
[Result "0-1"]
[White "Wu Wenjin"]
[Black "Xu Jun"]
[WhiteElo "2570"]
[BlackElo "2655"]
[PlyCount "116"]

1. d4 Nf6 2. c4 e6 3. Nc3 Bb4 4. Qc2 O-O 5. Bg5 c5 6. a3 Bxc3+
7. bxc3 cxd4 8. cxd4 d5 9. Nf3 Nc6 10. e3 Qa5+ 11. Qd2 Ne4
12. Qxa5 Nxa5 13. cxd5 Nxg5 14. Nxg5 exd5 15. Bd3 h6 16. Nf3
Be6 17. Ng1 Rfc8 18. Ne2 Rc7 19. O-O Rac8 20. Rfb1 a6 21. h3
Rc6 22. Rb4 g5 23. Rab1 Bd7 24. e4 b5 25. a4 dxe4 26. Bxe4 Rc4
27. Rxc4 Nxc4 28. Bb7 Re8 29. Ng3 bxa4 30. Nh5 Bf5 31. Ra1 Rb8
32. Bxa6 Nb2 33. d5 Rb6 34. Be2 Kf8 35. Ng3 Bg6 36. Nf1 Ke7
37. Ne3 Kd6 38. Kh2 f5 39. Ra2 Rb3 40. Bc4 Rb4 41. Be2 f4
42. Nd1 Nxd1 43. Bxd1 Be8 44. Bf3 Bb5 45. Ra1 Bc4 46. g3 fxg3+
47. Kxg3 Rb3 48. Kg4 a3 49. Be4 Bxd5 50. Rd1 Rb5 51. Kh5 Ke5
52. Bxd5 Rxd5 53. Ra1 Rd3 54. Kxh6 Kf6 55. h4 gxh4 56. Kh5 h3
57. Kg4 h2 58. f3 Rd2 0-1

[Event "zt3.3"]
[Site "HeiBei CHN"]
[Date "2001.04.25"]
[EventDate "2001.04.16"]
[Round "9"]
[Result "1/2-1/2"]
[White "Xu Jun"]
[Black "Xiaomin Peng"]
[WhiteElo "2655"]
[BlackElo "2648"]
[PlyCount "61"]

1. Nf3 c5 2. c4 Nc6 3. d4 cxd4 4. Nxd4 Nf6 5. Nc3 e6 6. a3 Be7
7. e4 O-O 8. Nb3 a5 9. Be3 a4 10. Nd2 d5 11. cxd5 exd5
12. exd5 Nxd5 13. Nxd5 Qxd5 14. Nc4 Qxd1+ 15. Rxd1 Bf6 16. Nb6
Ra5 17. Rd2 Be6 18. Be2 Rd8 19. Rxd8+ Bxd8 20. O-O Bf6 21. Bd2
Ra7 22. Bc3 Bxc3 23. bxc3 Ra5 24. Rd1 g5 25. f3 Rc5 26. c4 Ne5
27. Rb1 Nxc4 28. Bxc4 Bxc4 29. Rc1 Rc6 30. Rxc4 Rxb6 31. Rxa4
1/2-1/2

[Event "zt3.3"]
[Site "HeiBei CHN"]
[Date "2001.04.28"]
[EventDate "2001.04.16"]
[Round "12"]
[Result "1-0"]
[White "Zhong Zhang"]
[Black "Xu Jun"]
[WhiteElo "2632"]
[BlackElo "2655"]
[PlyCount "113"]

1. e4 c5 2. Nc3 a6 3. f4 b5 4. Nf3 d6 5. g3 Bb7 6. d3 e6
7. Bg2 Nf6 8. O-O Nc6 9. Qe2 Be7 10. Nd1 b4 11. Nf2 a5 12. Be3
Nd7 13. c3 bxc3 14. bxc3 O-O 15. Rfb1 Ba6 16. Qd1 Rb8 17. d4
Nb6 18. dxc5 dxc5 19. Qc2 Nc4 20. Bc1 Rxb1 21. Rxb1 Qc7
22. Bf1 Ra8 23. e5 Nb6 24. Bxa6 Rxa6 25. Ne4 h6 26. Be3 Nd5
27. Bf2 Rb6 28. Nfd2 Rxb1+ 29. Qxb1 g5 30. c4 Nb6 31. Nxc5 Nb4
32. Nxe6 Qc8 33. Bxb6 Qxe6 34. Bxa5 Nc6 35. Bc3 gxf4 36. Qe4
fxg3 37. hxg3 Nd8 38. Kh2 Qa6 39. Qc2 Ne6 40. a4 Qa7 41. Ne4
Qe3 42. a5 Nc5 43. Nf2 Bg5 44. Kg2 Ne6 45. Qd3 Qc1 46. Bd4
Nxd4 47. Qxd4 Be3 48. Qd8+ Kh7 49. Qd1 Qxc4 50. Qd3+ Qxd3
51. Nxd3 Kg6 52. Kf3 Ba7 53. a6 Kf5 54. g4+ Ke6 55. Ke4 Bg1
56. Nf4+ Kd7 57. Kf5 1-0

[Event "zt3.3"]
[Site "HeiBei CHN"]
[Date "2001.04.29"]
[EventDate "2001.04.16"]
[Round "13"]
[Result "1-0"]
[White "Xu Jun"]
[Black "Zhao Jun"]
[WhiteElo "2655"]
[BlackElo "2347"]
[PlyCount "79"]

1. d4 Nf6 2. Nf3 c5 3. d5 e6 4. c4 exd5 5. cxd5 d6 6. Nc3 g6
7. Nd2 Nbd7 8. e4 Bg7 9. Be2 O-O 10. O-O Re8 11. a4 h6 12. a5
Ne5 13. Ra3 g5 14. Re1 Ng6 15. Bb5 Rf8 16. Nf1 Ng4 17. Be2
N4e5 18. Ng3 Bd7 19. Be3 c4 20. Qd2 Kh7 21. Rc1 Nh4 22. Qc2 f5
23. exf5 Nxf5 24. Nce4 Kg8 25. Qd2 Nxe3 26. Rxe3 Qe7 27. Bxc4
Nxc4 28. Rxc4 Be5 29. Rc7 Rac8 30. Rxb7 Rb8 31. a6 Rxb7
32. axb7 Bf4 33. Qd4 Bxe3 34. fxe3 Bb5 35. h3 Qxb7 36. Nxd6
Qc7 37. Ngf5 Rc8 38. Ne8 Rxe8 39. d6 Qd7 40. Nxh6+ 1-0

[Event "CHN-RUS Summit Men"]
[Site "Shanghai CHN"]
[Date "2001.09.09"]
[EventDate "2001.09.07"]
[Round "3"]
[Result "1/2-1/2"]
[White "Xu Jun"]
[Black "Sergei Rublevsky"]
[WhiteElo "2646"]
[BlackElo "2639"]
[PlyCount "44"]

1. Nf3 d5 2. d4 e6 3. c4 dxc4 4. Qa4+ Nd7 5. e4 c5 6. Bxc4
cxd4 7. O-O Bc5 8. Be2 Ngf6 9. Nxd4 O-O 10. Nb3 Bd6 11. Nc3 a6
12. Be3 Rb8 13. Qd4 Be5 14. Qb4 b5 15. Rac1 Bb7 16. Rfd1 Bxc3
17. bxc3 Bxe4 18. Nc5 a5 19. Qb2 Bc6 20. Na6 Rb7 21. Nc5 Rb8
22. Na6 Rb7 1/2-1/2

[Event "Asain Chess Championship 2005 Hyderabad"]
[Site "Hyderabad IND"]
[Date "2005.10.06"]
[EventDate "2005.10.06"]
[Round "1"]
[Result "1-0"]
[White "Xu Jun"]
[Black "Sergey G Simonenko"]
[WhiteElo "2582"]
[BlackElo "2409"]
[PlyCount "95"]

1. d4 d5 2. c4 dxc4 3. Nf3 e6 4. e3 a6 5. Bxc4 c5 6. O-O Nf6
7. Bb3 b5 8. a4 Bb7 9. axb5 axb5 10. Rxa8 Bxa8 11. Nc3 b4
12. Na4 Nbd7 13. dxc5 Bxc5 14. Nxc5 Nxc5 15. Qxd8+ Kxd8
16. Bc4 Bd5 17. Be2 Bxf3 18. gxf3 Nb3 19. Bc4 Nxc1 20. Rxc1
Ke7 21. Ra1 Rb8 22. Ra7+ Kf8 23. Kf1 g5 24. Ke2 g4 25. fxg4
Nxg4 26. f4 Nxh2 27. Bxe6 fxe6 28. Rxh7 Kg8 29. Rxh2 Rc8
30. Kd3 b3 31. Rh6 Rc6 32. f5 Rc2 33. Rxe6 Rxb2 34. Rb6 Rf2
35. Ke4 b2 36. Ke5 Rc2 37. Rb7 Rc5+ 38. Kf4 Rc2 39. e4 Re2
40. e5 Kf8 41. e6 Ke8 42. Kg5 Kd8 43. Kf6 Kc8 44. Rb3 Kd8
45. Kf7 Re5 46. f6 Re2 47. e7+ Kd7 48. Rxb2 1-0

[Event "Asian Chess Championship"]
[Site "Hyderabad IND"]
[Date "2005.10.07"]
[EventDate "2005.10.07"]
[Round "2"]
[Result "1/2-1/2"]
[White "Anton Filippov"]
[Black "Xu Jun"]
[WhiteElo "2478"]
[BlackElo "2582"]
[PlyCount "98"]

1. e4 c5 2. Nf3 d6 3. d4 cxd4 4. Nxd4 Nf6 5. Nc3 a6 6. f4 Qc7
7. Bd3 g6 8. Nf3 Nbd7 9. O-O Bg7 10. Qe1 e5 11. Qh4 h6 12. a4
b6 13. Kh1 Bb7 14. Bd2 Nc5 15. Rae1 Rc8 16. f5 gxf5 17. exf5
Kf8 18. b4 Ncd7 19. Qg3 Re8 20. Ne4 Nxe4 21. Bxe4 Bxe4
22. Rxe4 Nf6 23. Re2 Qc6 24. Qf2 b5 25. axb5 axb5 26. c3 Ne4
27. Qe3 d5 28. Rd1 Bf6 29. Be1 Kg7 30. Qd3 Rd8 31. Ra2 Ng5
32. Qe2 Ne4 33. Qd3 Qc4 34. Ra5 Nd6 35. Qxc4 dxc4 36. g4 Ne4
37. Rxd8 Rxd8 38. Rxb5 Rd3 39. Kg2 Nxc3 40. Bxc3 Rxc3 41. Nxe5
Rc2+ 42. Kf3 c3 43. Rc5 Rxh2 44. b5 c2 45. Nd3 Rd2 46. Ke4 Bg5
47. b6 Re2+ 48. Kd5 Rd2 49. Ke4 Re2+ 1/2-1/2

[Event "Asian Chess Championship"]
[Site "Hyderabad IND"]
[Date "2005.10.08"]
[EventDate "2005.05.24"]
[Round "3"]
[Result "1-0"]
[White "Xu Jun"]
[Black "Ramalhandran Ramesh"]
[WhiteElo "2582"]
[BlackElo "2487"]
[PlyCount "87"]

1. d4 Nf6 2. c4 e6 3. Nc3 Bb4 4. Qc2 O-O 5. a3 Bxc3+ 6. Qxc3
d6 7. Bg5 Nbd7 8. e3 b6 9. f3 Ba6 10. Nh3 c5 11. O-O-O Rc8
12. Kb1 Qc7 13. e4 cxd4 14. Qxd4 Ne5 15. Nf2 Bxc4 16. Rc1 Qc5
17. Qxc5 Rxc5 18. f4 Bxf1 19. Rxc5 bxc5 20. fxe5 Nxe4 21. Be7
dxe5 22. Bxf8 Kxf8 23. Rg1 Bc4 24. Rc1 Bd5 25. Ng4 f6 26. b4
Nd2+ 27. Kb2 Nc4+ 28. Kc3 f5 29. Nf2 Nxa3 30. bxc5 Nb5+
31. Kb4 Nd4 32. Nd3 Nc6+ 33. Kb5 Ke7 34. Nb4 Nxb4 35. Kxb4 Kd8
36. Ra1 Bxg2 37. Rxa7 f4 38. Kb5 f3 39. Ra2 Bf1+ 40. Kb6 Bc4
41. Ra8+ Ke7 42. Ra7+ Kd8 43. c6 Bd5 44. Rd7+ 1-0

[Event "Asian Chess Championship"]
[Site "Hyderabad IND"]
[Date "2005.10.10"]
[EventDate "2005.11.15"]
[Round "5"]
[Result "1-0"]
[White "Xu Jun"]
[Black "Bin-Sattar Reefat"]
[WhiteElo "2582"]
[BlackElo "2484"]
[PlyCount "105"]

1. d4 d5 2. c4 c6 3. Nf3 Nf6 4. e3 Bf5 5. Nc3 e6 6. Nh4 Be4
7. f3 Bg6 8. Qb3 Qc7 9. Bd2 Be7 10. O-O-O Nbd7 11. cxd5 exd5
12. Nxg6 hxg6 13. Kb1 Nb6 14. h3 O-O 15. g4 a5 16. h4 a4
17. Qc2 Nc4 18. Bc1 Qa5 19. h5 g5 20. e4 a3 21. b3 Nb2 22. e5
Nxd1 23. Nxd1 c5 24. h6 g6 25. h7+ Kh8 26. Bxg5 Qd8 27. Bh6
Re8 28. Bb5 cxd4 29. exf6 Bxf6 30. Bxe8 Qxe8 31. Qd3 Qe5
32. Bd2 Qg3 33. Be1 Qf4 34. Nf2 Re8 35. Bd2 Qg3 36. g5 Bg7
37. Ng4 Qg2 38. Rc1 Re2 39. Kc2 Kxh7 40. Nf6+ Bxf6 41. gxf6
Kg8 42. b4 Qf2 43. f4 b5 44. Rh1 Qg2 45. Rb1 Qf2 46. Rb3 Re8
47. Rxa3 Rc8+ 48. Kb2 Re8 49. Kb3 Qg1 50. Kb2 Qd1 51. Qxd4 Re1
52. Ra8+ Kh7 53. Qxd5 1-0

[Event "Asian Chess Championship"]
[Site "Hyderabad IND"]
[Date "2005.10.13"]
[EventDate "2005.05.24"]
[Round "7"]
[Result "1/2-1/2"]
[White "Xu Jun"]
[Black "Dao Thien Hai"]
[WhiteElo "2582"]
[BlackElo "2581"]
[PlyCount "80"]

1. Nf3 d5 2. d4 Nf6 3. c4 dxc4 4. e3 a6 5. Bxc4 e6 6. O-O c5
7. dxc5 Qxd1 8. Rxd1 Bxc5 9. Nbd2 Nbd7 10. Be2 b6 11. Nb3 Be7
12. Nfd4 Bb7 13. f3 O-O 14. e4 Nc5 15. Be3 Na4 16. Rd2 Bb4
17. Rc2 Rac8 18. Rac1 Rxc2 19. Rxc2 Rc8 20. Rxc8+ Bxc8 21. Nc6
Bf8 22. Ne5 b5 23. Nd3 Nd7 24. Na5 Bd6 25. Bd1 Bc7 26. Bxa4
Bxa5 27. Bc2 Kf8 28. a4 bxa4 29. Bxa4 Ke7 30. Kf2 Bc7 31. h4
Ne5 32. Bc5+ Kd8 33. Bc2 Nxd3+ 34. Bxd3 g6 35. g4 Kd7 36. h5
Kc6 37. Bd4 Bd6 38. Ke2 Kb7 39. hxg6 hxg6 40. Bc4 Bd7 1/2-1/2

[Event "Asian Chess Championship"]
[Site "Hyderabad IND"]
[Date "2005.10.14"]
[EventDate "2005.05.24"]
[Round "8"]
[Result "1-0"]
[White "Wu Wenjin"]
[Black "Xu Jun"]
[WhiteElo "2523"]
[BlackElo "2582"]
[PlyCount "79"]

1. e4 c5 2. Nc3 d6 3. Nge2 Nc6 4. d4 cxd4 5. Nxd4 e6 6. Bc4 a6
7. O-O Qc7 8. Re1 Be7 9. Nxc6 Qxc6 10. Bd3 Nf6 11. Re3 Nd7
12. Rg3 Bf6 13. Ne2 Nc5 14. Be3 Bxb2 15. Nd4 Bxd4 16. Bxd4 e5
17. Bxc5 dxc5 18. Rxg7 c4 19. Be2 Be6 20. Qd2 Qxe4 21. Rd1 c3
22. Qe1 Ke7 23. Rd3 Rac8 24. Rgg3 Rhg8 25. Qd1 Rxg3 26. hxg3
Qc6 27. Qc1 Bf5 28. Rf3 Bg6 29. Qg5+ f6 30. Qh6 Qe6 31. g4 e4
32. Re3 Qe5 33. f4 Qd4 34. Kf2 Kd6 35. a3 Rc7 36. Qh3 Be8
37. Qh6 Kd5 38. Qf8 Bc6 39. Qd8+ Rd7 40. Qa5+ 1-0